[Event "SR 5. liga SE-SI 2018/2019"]
[Site "?"]
[Date "2019.01.26"]
[Round "6.2"]
[White "Otepka, Peter"]
[Black "Kafka, Ludovit"]
[Result "1-0"]
[WhiteElo "1050"]
[BlackElo "1000"]
[PlyCount "171"]
[EventDate "2018.??.??"]
[WhiteTeam "CVÄŒ Senica C"]
[BlackTeam "Interchess ZÅ  BorskÃ½ MikulÃ¡Å¡"]

1. e4 Nf6 2. Nc3 c6 3. d3 d5 4. Be2 e6 5. Nf3 Bb4 6. Bg5 O-O 7. O-O h6 8. Bf4
Nbd7 9. Nh4 Nc5 10. Bf3 Bxc3 11. bxc3 dxe4 12. dxe4 Qxd1 13. Raxd1 Ncxe4 14.
Bxe4 Nxe4 15. Be5 f6 16. Bd4 c5 17. Be3 b6 18. c4 Nc3 19. Rd2 Ba6 20. Ng6 Rfe8
21. Re1 Bxc4 22. Rd7 Kh7 23. Nh4 Ne2+ 24. Kh1 Red8 25. Red1 Bb5 26. Rxd8 Rxd8
27. Rxd8 g5 28. c4 Bxc4 29. Rd7+ Kg8 30. Ng6 a5 31. h4 Bb5 32. Re7 Bd3 33. Re8+
Kf7 34. Rf8+ Kxg6 35. Rg8+ Kf7 36. Rd8 c4 37. Rc8 c3 38. g3 c2 39. hxg5 fxg5
40. f4 gxf4 41. gxf4 Kf6 42. Rf8+ Ke7 43. Rc8 c1=Q+ 44. Bxc1 Nxc1 45. Rxc1 Kf6
46. Kg2 e5 47. Rc6+ Kf5 48. Kg3 exf4+ 49. Kf3 b5 50. Rxh6 Be4+ 51. Kf2 f3 52.
Rh5+ Kg4 53. Rxb5 a4 54. Ra5 Bc6 55. Rc5 Bd7 56. Rc4+ Kf5 57. Kxf3 Be6 58. Rxa4
Bd7 59. Ra5+ Ke6 60. Ra7 Bc6+ 61. Ke3 Kd5 62. a4 Kc5 63. Ra5+ Kb6 64. Rh5 Bxa4
65. Kd4 Be8 66. Rg5 Bd7 67. Kc4 Be6+ 68. Kb4 Bd7 69. Rg6+ Kc7 70. Kc5 Ba4 71.
Rg7+ Kd8 72. Kd6 Kc8 73. Rc7+ Kd8 74. Rh7 Kc8 75. Kc5 Kd8 76. Rg7 Kc8 77. Kb6
Kd8 78. Kb7 Bb3 79. Kc6 Ba4+ 80. Kc5 Ke8 81. Kd5 Kf8 82. Ra7 Bb3+ 83. Ke5 Bc4
84. Rc7 Ba2 85. Kf6 Bb3 86. Rc8# 1-0

[Event "SR 5. liga SE-SI 2018/2019"]
[Site "?"]
[Date "2019.01.26"]
[Round "6.3"]
[White "Jakubec, Milan"]
[Black "Svrcek, Daniel"]
[Result "1-0"]
[WhiteElo "2007"]
[BlackElo "1321"]
[PlyCount "101"]
[EventDate "2018.??.??"]
[WhiteTeam "Å O Spartak Myjava"]
[BlackTeam "Å achovÃ½ klub HolÃ­Ä� C"]

1. e4 e6 2. d4 d5 3. exd5 exd5 4. Bd3 Nf6 5. Nf3 Bd6 6. Qe2+ Be7 7. O-O O-O 8.
Re1 Re8 9. Bg5 Nbd7 10. Qd2 b6 11. Nc3 Bb7 12. Ne5 c6 13. Re2 Nxe5 14. Rxe5 Nd7
15. Bxe7 Rxe7 16. Rxe7 Qxe7 17. Re1 Qd6 18. Qe3 Nf6 19. Qe7 Qxe7 20. Rxe7 Rb8
21. b4 b5 22. f4 Kf8 23. Re5 Re8 24. h3 h6 25. g4 Rxe5 26. fxe5 Nd7 27. a4 a6
28. a5 Ke7 29. Bf5 Nf8 30. Ne2 g6 31. Bd3 Ne6 32. Kf2 Bc8 33. c3 Bd7 34. h4 Ng7
35. Kf3 h5 36. gxh5 Nxh5 37. Nf4 Nxf4 38. Kxf4 Be6 39. Be2 Kf8 40. Kg5 Kg7 41.
h5 gxh5 42. Bxh5 Bd7 43. Be2 Bc8 44. Bd3 Bd7 45. Bf5 Be6 46. Kg4 Kg8 47. Kg5
Kg7 48. Bg4 Bxg4 49. Kxg4 Kh6 50. Kf5 Kg7 51. e6 1-0

[Event "SR 5. liga SE-SI 2018/2019"]
[Site "?"]
[Date "2019.01.26"]
[Round "6.3"]
[White "Datko, Jan"]
[Black "Otepka, Vladimir"]
[Result "1/2-1/2"]
[WhiteElo "1212"]
[BlackElo "1725"]
[PlyCount "51"]
[EventDate "2018.??.??"]
[WhiteTeam "Å achovÃ½ klub HolÃ­Ä� C"]
[BlackTeam "Å O Spartak Myjava"]

1. e4 c5 2. d4 cxd4 3. c3 dxc3 4. Nxc3 e6 5. Bc4 Nc6 6. Nf3 a6 7. O-O d6 8. Qe2
Be7 9. Rd1 Qc7 10. Bf4 Ne5 11. Bxe5 dxe5 12. Rac1 Qb8 13. a4 Nf6 14. Ne1 O-O
15. Nc2 b6 16. b4 Bb7 17. f3 Rc8 18. Rb1 Qc7 19. Ne3 Rd8 20. b5 a5 21. Rbc1 Bc5
22. Rxd8+ Rxd8 23. Ncd1 Qd6 24. Nf2 Qc7 25. Bd3 Qd6 26. Bc4 1/2-1/2

[Event "SR 5. liga SE-SI 2018/2019"]
[Site "?"]
[Date "2019.01.26"]
[Round "6.3"]
[White "Rehak, Vladimir"]
[Black "Sefcik, Oliver"]
[Result "1-0"]
[WhiteElo "1596"]
[BlackElo "1139"]
[PlyCount "79"]
[EventDate "2018.??.??"]
[WhiteTeam "Å O Spartak Myjava"]
[BlackTeam "Å achovÃ½ klub HolÃ­Ä� C"]

1. e4 d5 2. exd5 Qxd5 3. Nc3 Qa5 4. Nf3 c6 5. d4 Nf6 6. Bc4 Bf5 7. O-O e6 8. a3
Be7 9. Be3 O-O 10. b4 Bxb4 11. axb4 Qxb4 12. Bxe6 Bxe6 13. Ne2 b5 14. c3 Qe7
15. Ne5 Nfd7 16. Nd3 Rd8 17. Qc1 Bc4 18. Qc2 Bxd3 19. Qxd3 Nf6 20. Ng3 Nbd7 21.
Rfe1 Qd6 22. Nf5 Qc7 23. Qe2 Re8 24. Qf3 Nd5 25. Bd2 N7f6 26. Reb1 Re6 27. Ra6
Nb6 28. Bf4 Qb7 29. Ra5 Na4 30. Bd2 Rb8 31. Rxa4 Qd7 32. Ra6 Nd5 33. Ne3 Nc7
34. Rxa7 c5 35. d5 Rd6 36. Rd1 Re8 37. h3 Qd8 38. Rda1 f6 39. Qg3 Re7 40. Nf5
1-0

[Event "SR 5. liga SE-SI 2018/2019"]
[Site "?"]
[Date "2019.01.26"]
[Round "6.3"]
[White "Cermak, Lukas"]
[Black "Kiss, Andrej"]
[Result "0-1"]
[WhiteElo "1000"]
[BlackElo "1721"]
[PlyCount "80"]
[EventDate "2018.??.??"]
[WhiteTeam "Å achovÃ½ klub HolÃ­Ä� C"]
[BlackTeam "Å O Spartak Myjava"]

1. e4 c5 2. Bc4 Nc6 3. c3 d6 4. Nf3 Nf6 5. d3 e6 6. O-O Be7 7. d4 cxd4 8. cxd4
Nxe4 9. Nc3 Nxc3 10. bxc3 d5 11. Bb5 O-O 12. Ne5 Nxe5 13. dxe5 Qa5 14. Qd3 a6
15. Bxa6 Qxa6 16. Qg3 Rd8 17. Re1 Qc4 18. Bd2 Rxa2 19. Rxa2 Qxa2 20. Re2 Qb1+
21. Re1 Qg6 22. Qe3 Bd7 23. h3 Bc6 24. g3 h5 25. Qf3 d4 26. Qf4 Qd3 27. cxd4
Rxd4 28. Qe3 Qxd2 29. Qxd2 Rxd2 30. Kf1 Bc5 31. Re2 Bb5 32. Ke1 Rxe2+ 33. Kd1
Rxf2 34. Kc1 Bc6 35. Kd1 Bb4 36. g4 Bf3+ 37. Kc1 Bc5 38. Kb1 Be3 39. gxh5 Be4+
40. Ka1 Bd4# 0-1

[Event "SR 5. liga SE-SI 2018/2019"]
[Site "?"]
[Date "2019.01.26"]
[Round "6.3"]
[White "Knapek, Adrian"]
[Black "Gaza, Erik"]
[Result "1-0"]
[WhiteElo "1437"]
[BlackElo "1000"]
[PlyCount "57"]
[EventDate "2018.??.??"]
[WhiteTeam "Å O Spartak Myjava"]
[BlackTeam "Å achovÃ½ klub HolÃ­Ä� C"]

1. e4 e5 2. Nf3 Nc6 3. d4 Bd6 4. Bc4 Nf6 5. Bg5 h6 6. Bh4 O-O 7. Bb5 Qe8 8.
Bxf6 gxf6 9. d5 a6 10. Nh4 Ne7 11. Bd3 c6 12. Nf5 Nxf5 13. exf5 cxd5 14. Nc3 e4
15. Bxe4 dxe4 16. Qxd6 Qe5 17. Qxe5 fxe5 18. Nxe4 d5 19. Nd6 Rd8 20. Nxc8 Raxc8
21. c3 Rc4 22. g3 h5 23. Rd1 d4 24. Ke2 e4 25. Rd2 dxc3 26. Rxd8+ Kg7 27. bxc3
Rxc3 28. Rhd1 Rc2+ 29. R1d2 1-0

[Event "SR 5. liga SE-SI 2018/2019"]
[Site "?"]
[Date "2019.01.26"]
[Round "6.4"]
[White "Klimes, Karel"]
[Black "Kastler, Peter"]
[Result "1/2-1/2"]
[WhiteElo "1690"]
[BlackElo "1741"]
[PlyCount "37"]
[EventDate "2018.??.??"]
[WhiteTeam "Å K Å tefanov B"]
[BlackTeam "Å K Nafta Gbely D"]

1. e4 e6 2. d4 d5 3. Nc3 dxe4 4. Nxe4 Nd7 5. Nf3 Ngf6 6. Bd3 Be7 7. O-O O-O 8.
c3 b6 9. Qc2 Bb7 10. Bg5 Nxe4 11. Bxe7 Qxe7 12. Bxe4 Bxe4 13. Qxe4 Nf6 14. Qh4
Rac8 15. Rad1 c5 16. Ne5 Rfd8 17. dxc5 Rxc5 18. Rxd8+ Qxd8 19. Ng4 1/2-1/2

[Event "SR 5. liga SE-SI 2018/2019"]
[Site "?"]
[Date "2019.01.26"]
[Round "6.4"]
[White "Ralbovsky, Milan"]
[Black "Novomeska, Karin"]
[Result "0-1"]
[WhiteElo "1362"]
[BlackElo "1220"]
[PlyCount "110"]
[EventDate "2018.??.??"]
[WhiteTeam "Å K Nafta Gbely D"]
[BlackTeam "Å K Å tefanov B"]

1. e4 c6 2. d4 d5 3. e5 Bf5 4. Nf3 e6 5. Nc3 Bb4 6. Bd2 Bg4 7. h3 Bxf3 8. Qxf3
Qb6 9. Qd3 Ne7 10. a3 Na6 11. Na4 Bxd2+ 12. Qxd2 Qc7 13. Bxa6 bxa6 14. Nc5 Qb6
15. Qb4 a5 16. Qxb6 axb6 17. Nb7 O-O 18. O-O-O Rab8 19. Nd6 Nc8 20. Nxc8 Rfxc8
21. g4 c5 22. f4 cxd4 23. Rxd4 Rc4 24. Rhd1 Rbc8 25. Rxc4 Rxc4 26. f5 g6 27.
Rd3 Re4 28. Rb3 Rxe5 29. fxe6 Rxe6 30. Rb5 Rd6 31. Kd2 Kg7 32. Kd3 Kf6 33. Kd4
Ke6 34. Rb3 f5 35. gxf5+ Kxf5 36. Re3 Kf4 37. b4 axb4 38. axb4 Rd7 39. Re6 b5
40. Re3 Rc7 41. c3 Rc4+ 42. Kd3 Rxc3+ 43. Kxc3 Kxe3 44. h4 d4+ 45. Kc2 Ke2 46.
h5 d3+ 47. Kb2 gxh5 48. Kc3 d2 49. Kb3 d1=Q+ 50. Kc3 Qd5 51. Kb2 Qc4 52. Ka3
Kd2 53. Kb2 Qxb4+ 54. Ka2 Kc2 55. Ka1 Qb2# 0-1

[Event "SR 5. liga SE-SI 2018/2019"]
[Site "?"]
[Date "2019.01.26"]
[Round "6.4"]
[White "Tomasovic, Pavol"]
[Black "Hyza, Richard"]
[Result "1/2-1/2"]
[WhiteElo "1266"]
[BlackElo "1271"]
[PlyCount "57"]
[EventDate "2018.??.??"]
[WhiteTeam "Å K Å tefanov B"]
[BlackTeam "Å K Nafta Gbely D"]

1. e4 e5 2. Nf3 f5 3. exf5 e4 4. Ng1 d5 5. d4 Bxf5 6. Nc3 c6 7. Be3 Nf6 8. Qe2
Bb4 9. Qd2 Qe7 10. O-O-O Nbd7 11. Be2 O-O-O 12. h3 h6 13. g4 Be6 14. f4 Nb8 15.
g5 Ne8 16. Bg4 Nc7 17. Nge2 h5 18. Bxe6+ Qxe6 19. h4 g6 20. Rdf1 Rdf8 21. Qd1
Bd6 22. Na4 b6 23. Kb1 Kb7 24. Qc1 Nd7 25. b3 Na6 26. c4 b5 27. cxb5 cxb5 28.
Nac3 Rc8 29. Qd2 1/2-1/2

[Event "SR 5. liga SE-SI 2018/2019"]
[Site "?"]
[Date "2019.01.26"]
[Round "6.4"]
[White "Ralbovsky, Dominik"]
[Black "Bena, Pavol"]
[Result "1-0"]
[WhiteElo "1121"]
[BlackElo "1000"]
[PlyCount "63"]
[EventDate "2018.??.??"]
[WhiteTeam "Å K Nafta Gbely D"]
[BlackTeam "Å K Å tefanov B"]

1. e4 e5 2. d4 f6 3. Nf3 Nc6 4. d5 Nd4 5. Nxd4 exd4 6. Qxd4 Be7 7. Bd3 Bd6 8.
f4 c5 9. Qc3 Ne7 10. Be3 b6 11. Nd2 Ng6 12. g3 O-O 13. O-O-O a5 14. Nc4 Bb8 15.
Qb3 Ra6 16. Bxc5 Bc7 17. Bxf8 Nxf8 18. d6 Bxd6 19. Nxd6+ Ne6 20. Bxa6 Bxa6 21.
Nb5 Qf8 22. Nc7 Be2 23. Rxd7 Bg4 24. f5 b5 25. Qxe6+ Kh8 26. Qe7 Qxe7 27. Rxe7
h6 28. e5 Bf3 29. exf6 Bxh1 30. f7 Be4 31. f8=Q+ Kh7 32. Qxg7# 1-0

[Event "SR 5. liga SE-SI 2018/2019"]
[Site "?"]
[Date "2019.01.26"]
[Round "6.4"]
[White "Rehak, Matus"]
[Black "Vyrubal, Ondrej"]
[Result "0-1"]
[WhiteElo "1000"]
[BlackElo "1000"]
[PlyCount "58"]
[EventDate "2018.??.??"]
[WhiteTeam "Å K Å tefanov B"]
[BlackTeam "Å K Nafta Gbely D"]

1. e4 e5 2. Bc4 Nc6 3. Nf3 Nf6 4. c3 Na5 5. d3 Nxc4 6. dxc4 Bc5 7. Bg5 h6 8.
Bh4 g5 9. Bg3 Nxe4 10. Bxe5 f6 11. Nbd2 Nxf2 12. Qa4 Nxh1 13. O-O-O Nf2 14. Re1
fxe5 15. Nxe5 O-O 16. Ng6 Rf6 17. Ne7+ Bxe7 18. Nb3 Nd3+ 19. Kd1 Nxe1 20. Kxe1
Re6+ 21. Kd1 a6 22. c5 b5 23. Qd4 Bb7 24. Na5 Qf8 25. Nxb7 Qf1+ 26. Kd2 Rf6 27.
Nd6 cxd6 28. cxd6 Bxd6 29. g3 Rf2+ 0-1

[Event "SR 5. liga SE-SI 2018/2019"]
[Site "?"]
[Date "2019.02.09"]
[Round "7.1"]
[White "Mraz, Jan"]
[Black "Bochnickova, Simona"]
[Result "0-1"]
[WhiteElo "1724"]
[BlackElo "1537"]
[PlyCount "80"]
[EventDate "2018.??.??"]
[WhiteTeam "Å K Nafta Gbely D"]
[BlackTeam "CVÄŒ Senica D"]

1. d4 d5 2. e3 c5 3. c3 Nf6 4. Bd3 Nc6 5. Ne2 e6 6. Ng3 Bd6 7. O-O O-O 8. f4 b6
9. b3 a5 10. a4 Ba6 11. Na3 Bxd3 12. Qxd3 cxd4 13. cxd4 Nb4 14. Qb5 Rc8 15. Bd2
Nc2 16. Nxc2 Rxc2 17. Qd3 Qc7 18. Rfc1 Rc8 19. h3 Ba3 20. Rxc2 Qxc2 21. Qxc2
Rxc2 22. Bxa5 Bb2 23. Ra2 bxa5 24. Kf1 Kf8 25. Ne2 Ne4 26. g4 Rxe2 27. b4 axb4
28. a5 b3 29. Ra4 Ng3+ 30. Kg1 Bc3 31. Ra3 b2 32. Rb3 Re1+ 33. Kg2 b1=Q 34.
Rxb1 Rxb1 35. Kxg3 Bxa5 36. Kh4 Rg1 37. Kh5 h6 38. h4 Kg8 39. g5 Kh7 40. f5 g6+
0-1

[Event "SR 5. liga SE-SI 2018/2019"]
[Site "?"]
[Date "2019.02.09"]
[Round "7.1"]
[White "Bazovsky, Max"]
[Black "Hyza, Richard"]
[Result "1/2-1/2"]
[WhiteElo "1321"]
[BlackElo "1259"]
[PlyCount "54"]
[EventDate "2018.??.??"]
[WhiteTeam "CVÄŒ Senica D"]
[BlackTeam "Å K Nafta Gbely D"]

1. d4 d5 2. e3 e6 3. Bd3 Nf6 4. Nd2 Bd6 5. f4 Nbd7 6. Ngf3 b6 7. Ne5 Bxe5 8.
fxe5 Ng8 9. Qg4 g6 10. Rf1 Qe7 11. h4 h5 12. Qg3 Nh6 13. Nf3 Nf5 14. Qf2 Bb7
15. Bd2 O-O-O 16. O-O-O Rdf8 17. Qe1 Qd8 18. e4 dxe4 19. Bxe4 Bxe4 20. Qxe4 Ng3
21. Qa8+ Nb8 22. Rfe1 a6 23. Be3 Qd7 24. d5 exd5 25. Rxd5 Qc6 26. Qxc6 Nxc6 27.
Bg5 Re8 1/2-1/2

[Event "SR 5. liga SE-SI 2018/2019"]
[Site "?"]
[Date "2019.02.09"]
[Round "7.1"]
[White "Kaufman, Roman"]
[Black "Lanza, Matej"]
[Result "1-0"]
[WhiteElo "1000"]
[BlackElo "1215"]
[PlyCount "59"]
[EventDate "2018.??.??"]
[WhiteTeam "CVÄŒ Senica D"]
[BlackTeam "Å K Nafta Gbely D"]

1. e4 e5 2. Nf3 Nc6 3. Bc4 h6 4. O-O Nf6 5. Re1 a6 6. a4 Bc5 7. b3 d6 8. Ba3
Ba7 9. c3 Na5 10. d4 Nxc4 11. bxc4 exd4 12. cxd4 O-O 13. e5 dxe5 14. Bxf8 Bxd4
15. Nxd4 exd4 16. Be7 Qd7 17. Ra2 b6 18. Rae2 Bb7 19. Bxf6 Qc6 20. f3 Qxf6 21.
Re8+ Rxe8 22. Rxe8+ Kh7 23. Qd3+ g6 24. Nd2 h5 25. Ne4 Qf5 26. Qxd4 f6 27.
Nxf6+ Kh6 28. Qe3+ Kg7 29. Qe7+ Kh6 30. Ng8# 1-0

[Event "SR 5. liga SE-SI 2018/2019"]
[Site "?"]
[Date "2019.02.09"]
[Round "7.1"]
[White "Vyrubal, Ondrej"]
[Black "Kaufmanova, Karin"]
[Result "0-1"]
[WhiteElo "1000"]
[BlackElo "1000"]
[PlyCount "104"]
[EventDate "2018.??.??"]
[WhiteTeam "Å K Nafta Gbely D"]
[BlackTeam "CVÄŒ Senica D"]

1. e4 e5 2. Nf3 Nc6 3. Nc3 Nf6 4. Bb5 Bb4 5. a3 Ba5 6. d3 d6 7. O-O Bg4 8. Bg5
a6 9. Ba4 b5 10. Bb3 O-O 11. Nd5 Nd4 12. Qc1 Nxf3+ 13. Kh1 Nd4 14. Nxf6+ Kh8
15. Nxg4 Qd7 16. Bh4 Qxg4 17. Re1 Qxh4 18. c3 Nxb3 19. Qb1 Nxa1 20. Qxa1 Qxf2
21. Rg1 Rfe8 22. Qd1 Re6 23. Qh5 Kg8 24. Qd1 Rg6 25. Qf1 Qh4 26. g3 Qg4 27. d4
exd4 28. h3 Qxe4+ 29. Kh2 Qc2+ 30. Kh1 Re8 31. Rg2 Qb3 32. Re2 Rxe2 33. Qxe2
Qd5+ 34. Kh2 Re6 35. Qf1 dxc3 36. bxc3 Bxc3 37. h4 b4 38. axb4 Bxb4 39. g4 a5
40. h5 Rh6 41. Kg1 Bc5+ 42. Kh2 Qe5+ 43. Kh3 Qe3+ 44. Kh4 d5 45. Qb5 Be7+ 46.
g5 Bxg5+ 47. Kg4 Qf4+ 48. Kh3 Rxh5+ 49. Kg2 Qg4+ 50. Kf2 Rh2+ 51. Ke1 Bh4+ 52.
Kf1 Qg2# 0-1

[Event "SR 5. liga SE-SI 2018/2019"]
[Site "?"]
[Date "2019.02.09"]
[Round "7.2"]
[White "Holiencin, Filip"]
[Black "Fajtakova, Silvia"]
[Result "1-0"]
[WhiteElo "1698"]
[BlackElo "1401"]
[PlyCount "61"]
[EventDate "2018.??.??"]
[WhiteTeam "Å achovÃ½ klub HolÃ­Ä� C"]
[BlackTeam "Å K Å tefanov B"]

1. d4 d5 2. c4 e6 3. Nc3 Nf6 4. Bg5 Be7 5. Nf3 O-O 6. e3 h6 7. Bh4 b6 8. Bxf6
Bxf6 9. cxd5 exd5 10. Bd3 Bg4 11. O-O c5 12. Be2 Nc6 13. Qa4 Ne7 14. dxc5 Bxc3
15. bxc3 bxc5 16. Qxg4 Qa5 17. c4 Rab8 18. Qd7 Rfe8 19. cxd5 Rbd8 20. Qb5 Qc7
21. Rac1 Rxd5 22. Qxe8+ Kh7 23. Qxf7 Rd7 24. Qc4 Rd5 25. Rfd1 Rh5 26. Rd2 Ng8
27. Rcd1 Nf6 28. Qf4 Qe7 29. Qd6 Qf7 30. Ne5 Rxe5 31. Qxe5 1-0

[Event "SR 5. liga SE-SI 2018/2019"]
[Site "?"]
[Date "2019.02.09"]
[Round "7.2"]
[White "Novomeska, Karin"]
[Black "Benak, Peter"]
[Result "1/2-1/2"]
[WhiteElo "1282"]
[BlackElo "1663"]
[PlyCount "109"]
[EventDate "2018.??.??"]
[WhiteTeam "Å K Å tefanov B"]
[BlackTeam "Å achovÃ½ klub HolÃ­Ä� C"]

1. d4 Nf6 2. c4 g6 3. Nc3 d5 4. e3 Bg7 5. Nf3 O-O 6. Qb3 dxc4 7. Bxc4 e6 8. O-O
c6 9. a4 Nd5 10. Bxd5 cxd5 11. Bd2 Nc6 12. Na2 b6 13. Nb4 Na5 14. Qc2 Bb7 15.
Rac1 Rc8 16. Qd3 Nc4 17. b3 Nd6 18. Rxc8 Qxc8 19. Rc1 Qd7 20. h3 Rc8 21. Rxc8+
Qxc8 22. Qc2 f6 23. Qxc8+ Nxc8 24. Na2 Bf8 25. Bb4 Bxb4 26. Nxb4 a5 27. Nc2 Nd6
28. b4 axb4 29. Nxb4 Nc4 30. Nd3 Bc6 31. Nb4 Bxa4 32. Ne1 Kf7 33. Ned3 Ke7 34.
Kf1 Na3 35. Nb2 Bb5+ 36. Ke1 Kd6 37. g3 e5 38. Kd2 Nc4+ 39. Kc2 Nxb2 40. Kxb2
exd4 41. exd4 h5 42. h4 g5 43. f4 g4 44. Kc3 Bc4 45. Kc2 Ke6 46. Kd2 Kf5 47.
Ke3 Bb3 48. Kd3 Bc4+ 49. Ke3 Ke6 50. Kd2 Kd6 51. Kc3 b5 52. Kc2 Kc7 53. Kc3 Kb6
54. Kb2 Ka5 55. Ka3 1/2-1/2

[Event "SR 5. liga SE-SI 2018/2019"]
[Site "?"]
[Date "2019.02.09"]
[Round "7.2"]
[White "Svrcek, Daniel"]
[Black "Tomasovic, Pavol"]
[Result "1-0"]
[WhiteElo "1318"]
[BlackElo "1261"]
[PlyCount "132"]
[EventDate "2018.??.??"]
[WhiteTeam "Å achovÃ½ klub HolÃ­Ä� C"]
[BlackTeam "Å K Å tefanov B"]

1. e4 e6 2. d4 d5 3. exd5 exd5 4. Bd3 Nf6 5. Bg5 Bd6 6. Nf3 O-O 7. O-O c6 8. c3
Nbd7 9. Qc2 Qc7 10. Nbd2 b5 11. Rfe1 a5 12. a3 Ba6 13. h3 Qb6 14. b4 axb4 15.
axb4 Qc7 16. Ra5 Bb7 17. Rea1 Rxa5 18. Rxa5 Ra8 19. Rxa8+ Bxa8 20. Qa2 Bb7 21.
Qc2 Bf4 22. Bxf4 Qxf4 23. Bf5 Qc7 24. Nb3 g6 25. Bd3 Nh5 26. Qe2 Qd8 27. Qe3
Kf8 28. Ne5 Nxe5 29. Qxe5 Ng7 30. Na5 Ba8 31. Be2 Qe8 32. Qxe8+ Kxe8 33. g3 Nf5
34. Kg2 Nd6 35. Bd3 Ne4 36. Bxe4 dxe4 37. f3 exf3+ 38. Kxf3 c5+ 39. Kf4 cxd4
40. cxd4 Ke7 41. g4 f6 42. Nb3 Bd5 43. Nc5 Bc4 44. h4 h6 45. h5 gxh5 46. gxh5
Bf7 47. Kf5 Bxh5 48. Ne4 Be2 49. Nxf6 Bd3+ 50. Ke5 Bc4 51. d5 Be2 52. Ng8+ Kd7
53. Nxh6 Bc4 54. Nf5 Bd3 55. Nd4 Bc4 56. d6 Bd3 57. Kd5 Bc4+ 58. Kc5 Bd3 59.
Nxb5 Bxb5 60. Kxb5 Kxd6 61. Ka6 Kc7 62. Ka7 Kc6 63. Ka6 Kc7 64. b5 Kb8 65. Kb6
Ka8 66. Kc7 Ka7 1-0

[Event "SR 5. liga SE-SI 2018/2019"]
[Site "?"]
[Date "2019.02.09"]
[Round "7.2"]
[White "Novomesky, Roman"]
[Black "Datko, Jan"]
[Result "0-1"]
[WhiteElo "1000"]
[BlackElo "1229"]
[PlyCount "120"]
[EventDate "2018.??.??"]
[WhiteTeam "Å K Å tefanov B"]
[BlackTeam "Å achovÃ½ klub HolÃ­Ä� C"]

1. e4 e6 2. c3 c5 3. Nf3 Nc6 4. d4 d5 5. Bb5 cxd4 6. Nxd4 Nge7 7. Nxc6 Nxc6 8.
O-O Qb6 9. Qe2 dxe4 10. Be3 Bc5 11. Bxc6+ Qxc6 12. Bxc5 Qxc5 13. Qxe4 O-O 14.
Nd2 Bd7 15. Nb3 Qc6 16. Qxc6 Bxc6 17. Na5 Bb5 18. Rfd1 Ba6 19. Rd7 Rfd8 20.
Rad1 Rxd7 21. Rxd7 Rb8 22. f3 Kf8 23. Kf2 Ke8 24. Rd4 Bb5 25. a4 b6 26. Nb3 Bc6
27. Nd2 Bd5 28. c4 Bc6 29. b3 Rd8 30. Ke3 e5 31. Rxd8+ Kxd8 32. Ne4 Bxe4 33.
Kxe4 f6 34. b4 Kd7 35. Kd5 a6 36. b5 a5 37. c5 Kc7 38. c6 h6 39. h3 h5 40. Ke6
h4 41. Kf7 f5 42. Kxg7 e4 43. Kf6 e3 44. Kxf5 e2 45. f4 e1=Q 46. Kf6 Qg3 47. f5
Qd6+ 48. Kg5 Qd8+ 49. f6 Qg8+ 50. Kf5 Kd6 51. Ke4 Qe6+ 52. Kd3 Qxf6 53. Ke4
Qe5+ 54. Kf3 Qg3+ 55. Ke4 Qxg2+ 56. Kf5 Qc2+ 57. Kg5 Qxa4 58. Kf6 Qxb5 59. c7
Kxc7 60. Kf7 Kd7 0-1

[Event "SR 5. liga SE-SI 2018/2019"]
[Site "?"]
[Date "2019.02.09"]
[Round "7.2"]
[White "Horak, Viliam"]
[Black "Rehak, Matus"]
[Result "1-0"]
[WhiteElo "1200"]
[BlackElo "1000"]
[PlyCount "73"]
[EventDate "2018.??.??"]
[WhiteTeam "Å achovÃ½ klub HolÃ­Ä� C"]
[BlackTeam "Å K Å tefanov B"]

1. d4 d5 2. c4 dxc4 3. Nc3 Nc6 4. Nf3 e6 5. e4 Bb4 6. Bxc4 Nge7 7. O-O O-O 8.
Bf4 Ng6 9. Bg3 a6 10. a3 b5 11. Ba2 Bxc3 12. bxc3 a5 13. Rc1 b4 14. cxb4 axb4
15. Rxc6 Bb7 16. Rxc7 Rxa3 17. Rxb7 Rxa2 18. Rxb4 f5 19. Rb8 Qe7 20. Rxf8+ Kxf8
21. exf5 exf5 22. Re1 Qf7 23. Ne5 Nxe5 24. Bxe5 g5 25. Qb1 f4 26. Qb8+ Qe8 27.
Bd6+ Kf7 28. Qxe8+ Kf6 29. Qe6+ Kg7 30. Qxa2 h5 31. Qa7+ Kf6 32. Qe7+ Kf5 33.
f3 g4 34. Re5+ Kg6 35. Qg5+ Kh7 36. Re7+ Kh8 37. Qg7# 1-0

[Event "SR 5. liga SE-SI 2018/2019"]
[Site "?"]
[Date "2019.02.09"]
[Round "7.3"]
[White "Nemeckay, Rastislav"]
[Black "Jakubec, Milan"]
[Result "1/2-1/2"]
[WhiteElo "1949"]
[BlackElo "1996"]
[PlyCount "59"]
[EventDate "2018.??.??"]
[WhiteTeam "Interchess ZÅ  BorskÃ½ MikulÃ¡Å¡"]
[BlackTeam "Å O Spartak Myjava"]

1. e4 e5 2. Nf3 Nf6 3. Nxe5 d6 4. Nf3 Nxe4 5. Nc3 Nxc3 6. dxc3 d5 7. Bd3 Be7 8.
Bf4 O-O 9. Qd2 Nd7 10. O-O-O c6 11. Kb1 Nc5 12. Be2 Ne4 13. Qe1 Qa5 14. Nd4 Bd6
15. Bc1 Re8 16. f3 Nf6 17. Bg5 Qd8 18. Qd2 h6 19. Bh4 Be7 20. Bf2 c5 21. Nb3 b6
22. f4 Bb7 23. Bb5 Rf8 24. Be2 Qc7 25. Bg3 Ne4 26. Qe3 Nxg3 27. hxg3 Bd6 28.
Bf3 c4 29. Nd4 Bc5 30. Rhe1 1/2-1/2

[Event "SR 5. liga SE-SI 2018/2019"]
[Site "?"]
[Date "2019.02.09"]
[Round "7.3"]
[White "Otepka, Vladimir"]
[Black "Visvader, Kristof"]
[Result "1-0"]
[WhiteElo "1719"]
[BlackElo "1372"]
[PlyCount "147"]
[EventDate "2018.??.??"]
[WhiteTeam "Å O Spartak Myjava"]
[BlackTeam "Interchess ZÅ  BorskÃ½ MikulÃ¡Å¡"]

1. d4 d5 2. c4 c6 3. Nc3 Nf6 4. Nf3 e6 5. Bg5 Nbd7 6. e3 Qa5 7. Bxf6 Nxf6 8.
Nd2 Bb4 9. Qc2 O-O 10. Bd3 Bxc3 11. bxc3 dxc4 12. Nxc4 Qg5 13. O-O b6 14. Ne5
Bb7 15. Qe2 c5 16. f4 Qh6 17. Ng4 Nxg4 18. Qxg4 cxd4 19. cxd4 Rac8 20. Rac1
Rfd8 21. Qe2 g6 22. Ba6 Rb8 23. Rc7 Bxa6 24. Qxa6 Qf8 25. Rfc1 Qb4 26. Qc4 Qxc4
27. R1xc4 a5 28. a4 Kf8 29. Ra7 Rdc8 30. Rac7 Rxc7 31. Rxc7 b5 32. axb5 Rxb5
33. Ra7 Rb3 34. Kf2 Rb5 35. Kf3 Kg7 36. g4 Kf6 37. h4 Rd5 38. Ke4 Kg7 39. Kd3
Rb5 40. Kc4 Rb4+ 41. Kc3 Rb5 42. g5 Kf8 43. Kc2 Ke8 44. Kc3 Kf8 45. Kc4 Rb4+
46. Kc5 Rb3 47. e4 Rc3+ 48. Kd6 Re3 49. Ke5 Kg7 50. Rxa5 Rh3 51. d5 exd5 52.
exd5 Rxh4 53. d6 Rh3 54. d7 Rd3 55. Rd5 Re3+ 56. Kd6 Re6+ 57. Kc7 Re7 58. Kc8
Rxd7 59. Rxd7 Kg8 60. Re7 Kg7 61. Kd7 Kf8 62. Kd8 f6 63. Rxh7 fxg5 64. fxg5 Kg8
65. Re7 Kf8 66. Kd7 Kg8 67. Ke6 Kf8 68. Kf6 Kg8 69. Kxg6 Kf8 70. Kf6 Kg8 71. g6
Kf8 72. g7+ Kg8 73. Re8+ Kh7 74. Rh8# 1-0

[Event "SR 5. liga SE-SI 2018/2019"]
[Site "?"]
[Date "2019.02.09"]
[Round "7.3"]
[White "Nemeckay, Dominik"]
[Black "Knapek, Adrian"]
[Result "0-1"]
[WhiteElo "1481"]
[BlackElo "1448"]
[PlyCount "44"]
[EventDate "2018.??.??"]
[WhiteTeam "Interchess ZÅ  BorskÃ½ MikulÃ¡Å¡"]
[BlackTeam "Å O Spartak Myjava"]

1. e4 e5 2. Nf3 Nc6 3. Bc4 h6 4. c3 Nf6 5. d3 Be7 6. Nbd2 O-O 7. Nf1 Nh7 8. Ng3
Ng5 9. Nh4 d6 10. Nhf5 Kh7 11. h4 Ne6 12. Qh5 Nf4 13. Bxf4 exf4 14. Bxf7 Ne5
15. d4 Nxf7 16. Ne2 g6 17. Qg4 gxf5 18. exf5 Qd7 19. Qg6+ Kh8 20. f6 Rg8 21.
Qxf7 Bf8 22. Qh5 Qe6 0-1

[Event "SR 5. liga SE-SI 2018/2019"]
[Site "?"]
[Date "2019.02.09"]
[Round "7.3"]
[White "Durec, Martin"]
[Black "Visvader, Rudolf"]
[Result "1-0"]
[WhiteElo "1165"]
[BlackElo "1305"]
[PlyCount "101"]
[EventDate "2018.??.??"]
[WhiteTeam "Å O Spartak Myjava"]
[BlackTeam "Interchess ZÅ  BorskÃ½ MikulÃ¡Å¡"]

1. e4 c5 2. Nf3 Nc6 3. d4 cxd4 4. Nxd4 g6 5. Nxc6 bxc6 6. Nc3 Bg7 7. Bc4 e6 8.
O-O Bf6 9. Re1 Qc7 10. Qf3 Bb7 11. Bf4 Be5 12. Bxe5 Qxe5 13. Rad1 Ne7 14. Qd3
Rd8 15. Ba6 Qc7 16. Qd4 Rg8 17. Qxa7 Ra8 18. Qxb7 Qxb7 19. Bxb7 Ra7 20. Bxc6
Nxc6 21. a3 Kf8 22. Nb5 Rb7 23. c4 Ne5 24. b3 Ke7 25. f4 Nc6 26. b4 f5 27. exf5
gxf5 28. Nd6 Rbb8 29. Nxf5+ Kf6 30. Nd4 Ne7 31. Nb5 Rg4 32. g3 Rbg8 33. Kf2 Rd8
34. Nd6 Rg7 35. a4 Nc6 36. b5 Nb4 37. Re2 Ra8 38. Ra1 Re7 39. Rd2 e5 40. fxe5+
Rxe5 41. Kf3 Ke6 42. a5 Rf8+ 43. Kg2 Re3 44. Rad1 Rff3 45. a6 Nd3 46. a7 Ne1+
47. Rxe1 Rxe1 48. Kxf3 Ra1 49. b6 Ra3+ 50. Ke4 Ra4 51. b7 1-0